UM Logo

Consumer behavior/ (Record no. 7806)

MARC details
000 -LEADER
fixed length control field 00562nam a2200181 4500
005 - DATE AND TIME OF LATEST TRANSACTION
control field 20250213062519.0
008 - FIXED-LENGTH DATA ELEMENTS--GENERAL INFORMATION
fixed length control field 171121b xxu||||| |||| 00| 0 eng d
020 ## - INTERNATIONAL STANDARD BOOK NUMBER
International Standard Book Number 0023846119
082 ## - DEWEY DECIMAL CLASSIFICATION NUMBER
Edition number 1995
Classification number DC 658.8342
Item number M87
100 ## - MAIN ENTRY--PERSONAL NAME
9 (RLIN) 23576
Personal name Mowen, John C., author.
245 ## - TITLE STATEMENT
Title Consumer behavior/
Statement of responsibility, etc. John C. Mowen,.
250 ## - EDITION STATEMENT
Edition statement Fourth edition.
260 ## - PUBLICATION, DISTRIBUTION, ETC. (IMPRINT)
Place of publication, distribution, etc. Englewood Cliffs, N.J. :
Name of publisher, distributor, etc. Prentice-Hall,
Date of publication, distribution, etc. ©1995
300 ## - PHYSICAL DESCRIPTION
Extent xvii, [901 pages]:
Other physical details color illustrations;
Dimensions 25 cm.
500 ## - GENERAL NOTE
General note Includes index.
650 #0 - SUBJECT ADDED ENTRY--TOPICAL TERM
Topical term or geographic name as entry element Consumer behavior.
9 (RLIN) 23577
942 ## - ADDED ENTRY ELEMENTS (KOHA)
Source of classification or shelving scheme Dewey Decimal Classification
Koha item type Circulation
Holdings
Withdrawn status Lost status Source of classification or shelving scheme Damaged status Not for loan Collection code Home library Current library Shelving location Date acquired Source of acquisition Total Checkouts Full call number Barcode Date last seen Date last checked out Copy number Price effective from Koha item type
    Dewey Decimal Classification     Circulation UM Digos College - LIC UM Digos College - LIC Book Cart 11/05/1996 Purchased 1 DC 658.8342 M87 1995 12251 05/15/2025 07/20/2020 1 11/21/2017 Circulation